Vývoj biopolymérnych zmesí pre aplikácie v tkanivovom inžinierstve

Enregistré dans:
Détails bibliographiques
Auteur principal: Košútová, Zuzana (Auteur)
Autres auteurs: Vašková, Ida (Directeur de thèse)
Format: Manuscrit Livre
Langue:slovaque
Publié: 2025
Sujets:
Accès en ligne:http://is.stuba.sk/zp/portal_zp.pl?podrobnosti=176169
Tags: Ajouter un tag
Pas de tags, Soyez le premier à ajouter un tag!

MARC

LEADER 00000ntm a22000003a 4500
001 stuzp104189
003 SK-STU
005 20250628211318.2
007 ta
008 150427s2015----xo-----f-mn---000-0-slo-d
040 |a STU  |b slo 
041 0 |a slo 
100 1 |a Košútová, Zuzana  |u 049370  |4 aut  |U FCHPT Ústav prírodných a syntetických polymérov  |T FCHPT Oddelenie plastov, kaučuku a vlákien  |X 121478  |U C9370  |Y 128  |7 121478 
242 0 1 |a Development of Biopolymer Blends for Applications in Tissue Engineering  |y eng 
245 1 0 |a Vývoj biopolymérnych zmesí pre aplikácie v tkanivovom inžinierstve 
260 |c 2025 
650 4 |a kyselina polymliečna  |2 slo 
650 4 |a polyhydroxyalkanoáty  |2 slo 
650 4 |a karyotypizácia  |2 slo 
650 4 |a tkanivové inžinierstvo  |2 slo 
650 4 |a tissue engineering  |2 eng 
650 4 |a polylactic acid  |2 eng 
650 4 |a polyhydroxyalkanoates  |2 eng 
650 4 |a karyotyping  |2 eng 
700 1 |a Vašková, Ida  |u 049370  |k Z1  |4 ths  |U FCHPT Ústav prírodných a syntetických polymérov  |T FCHPT Oddelenie plastov, kaučuku a vlákien  |X 19292  |U C9370  |Y 128  |7 A000019292 
856 4 |u http://is.stuba.sk/zp/portal_zp.pl?podrobnosti=176169